000 02181cam a2200277 i 4500
003 SA-RiAUC
005 20251001115838.0
008 250728s1998 jo g b 00010 ara c
024 0 _a00000000985943
040 _aSA-JeALM
_bara
_cSA-RiAUC
_dAE-DuMBRL
_erda
050 4 _b.F34 1998
082 0 4 _a257.1
_qSA-RiAUC
090 _a257.1
_bف هـ د
100 1 _aالفهداوي، خالد سليمان،
_d1968-
_eمؤلف.
245 1 2 _aالفقه السياسي للوثائق النبوية :
_bالمعاهدات-الأحلاف-الدبلوماسية الإسلامية /
_cخالد سليمان الفهداوي.
250 _aالطبعة الأولى.
264 1 _aعمان، الأردن :
_bدار عمار للنشر والتوزيع،
_c1998.
300 _a302 صفحة ؛
_c24 سم.
336 _aنص
_btxt
_2rdacontent
_3كتاب
520 _aيتناول كتاب (الفقه السياسي للوثائق النبوية المعاهدات-الأحلاف-الدبلوماسية الإسلامية) والذي قام بتأليفه خالد سليمان الفهداوي، موضوع (الفقه السياسي) هذا الكتاب يقدم دراسة في فقه الدبلوماسية الإسلامية وحياة الشعوب قبل الإسلام، ومراحل نشأة الدولة من خلال وثائق العهد النبوي. وعرض التعريفات العامة للوثائق السياسية والمعاهدات، ، الرسائل النبوية إلى الملوك والرؤساء خارج الجزيرة العربية وأثرها على عالمية الدعوة. موضحا أهداف الوثائق السياسية النبوية مع نماذج عملية منها، وأثر الاتفاقيات مع اليهود والنصارى في انتشار الإسلام خارج الجزيرة العربية.
650 7 _aنظم الحكم في الإسلام
_2aucsh
650 7 _aالإسلام
_xجوانب سياسية
_2aucsh
942 _2ddc
_cBOOK
_n0
949 _aSA-JeALM
_d250728
_uosman123
_n1
999 _c12267
_d12267